00877 2200313 4500001002100000005001500021035002000036007000300056040001700059100002400076245009000100250001200190300003600202020002200238041000800260082001000268084001600278090002100294264004900315336002100364337003000385338002300415500002900438650000900467850001000476008004100486990001800527990001800545INLIS00000000000614920260419121500 a0010-0322000393ta aSBPUPADbind0 aKunandarePengarang1 aLangkah Mudah Penelitian Tindakan Kelas Sebagai Pengembangan Profesi Guru /cKunandar a.-cet.8 axx, 312 hal. :billus. ;c21 cm a978-979-769-187-50 aind a371.1 a371.1 KUN l a371.1 KUN l 12-6 a.--Jakarta :bPT RajaGrafindo Persada,c2012 2rdacontentaTeks 2rdamediaaTanpa Perantara 2rdacarrieravolume aProfile penulis, hlm 309 4aGuru aPUPAD260419 0  a18668/BR/2013 a18667/BR,2013